Pays par Fuseau Horaire - Statistiques

Statistiques générales
  • Ce quiz a été pris 18 fois
  • Le résultat moyen est 20 sur 38
Statistiques - réponses
Fuseau Horaire Pays % Correct
UTC +1:00 Albanie | Algérie | Allemagne | Andorre | Angola | Autriche | Belgique | Bénin | Bosnie-Herzégovine | Cameroun | République centrafricaine | République du Congo | République démocratique du Congo | Croatie | Danemark | Espagne | France | Guinée équatoriale | Gabon | Hongrie | Italie | Kosovo | Libye | Liechtenstein | Luxembourg | Macédoine du Nord | Malte | Maroc | Monaco | Monténégro | Niger | Nigeria | Norvège | Pays-Bas | Pologne | République tchèque | Royaume-Uni (Gibraltar) | Saint-Marin | Sao Tomé-et-Principe | Serbie | Slovaquie | Slovénie | Suède | Suisse | Tchad | Tunisie | Vatican
88%
UTC +0:00 Burkina Faso | Côte d'Ivoire | Danemark (Îles Féroé, Groenland) | Espagne (Îles Canaries) | Gambie | Ghana | Guinée | Guinée-Bissau | Irlande | Islande | Liberia | Mali | Mauritanie | Portugal | Royaume-Uni | Sénégal | Sierra Leone | Togo
81%
UTC +2:00 Afrique du Sud | Botswana | Bulgarie | Burundi | Chypre | Chypre du Nord | République démocratique du Congo | Égypte | Estonie | Finlande | Grèce | Israël | Jordanie | Lesotho | Lettonie | Liban | Lituanie | Malawi | Moldavie | Mozambique | Namibie | Palestine | Roumanie | Royaume-Uni (bases d'Akrotiri et Dhekelia à Chypre) | Russie | Rwanda | Soudan | Eswatini | Syrie | Ukraine | Zambie | Zimbabwe
75%
UTC +3:00 Arabie saoudite | Bahreïn | Biélorussie | Comores | Djibouti | Érythrée | Éthiopie | France (Mayotte) | Irak | Kenya | Koweït | Madagascar | Ouganda | Qatar | Russie | Somalie | Tanzanie | Turquie | Yémen
75%
UTC −5:00 Bahamas | Brésil | Canada | Colombie | Cuba | Equateur | Etats-Unis | Haïti | Jamaïque | Panama | Pérou | Royaume-Uni (Iles Caïmans, Iles Turques-et-Caïques)
69%
UTC −6:00 Belize | Canada | Chili (Ile de Pâques) | Costa Rica | Equateur (Iles Galapagos) | Etats-Unis | Guatemala | Honduras | Mexique | Nicaragua | Salvador
69%
UTC −1:00 Cap-Vert | Danemark (Groenland) | Portugal (Açores)
69%
UTC −4:00 Antigua-et-Barbuda | Argentine (province de San Luis en hiver) | Barbade | Bolivie | Brésil | Canada | Chili (horaire d'hiver) | Danemark (Groenland) | Dominique | États-Unis (Porto Rico, Îles Vierges américaines) | France (Guadeloupe, Martinique, Saint-Barthélemy, Saint-Martin) | Grenade | Guyana | Paraguay | Pays-Bas (Aruba, Bonaire, Curaçao, Saba, Saint-Eustache, Saint-Martin néerlandais) | République dominicaine | Royaume-Uni (Anguilla, Bermudes, Îles Vierges britanniques, Montserrat) | Saint-Christophe-et-Niévès | Sainte-Lucie | Saint-Vincent-et-les-Grenadines | Trinité-et-Tobago | Venezuela
63%
UTC −3:00 Argentine | Brésil | Chili (horaire d'été) | Danemark (Groenland) | France (Guyane, Saint-Pierre-et-Miquelon) | Royaume-Uni (Îles Malouines) | Suriname | Uruguay
63%
UTC −8:00 Canada | Etats-Unis | France (Ile Clipperton) | Mexique | Royaume-Uni (Iles Pitcairn)
63%
UTC −7:00 Canada | Etats-Unis | Mexique
63%
UTC +9:00 Palaos | Corée du Nord | Corée du Sud | Indonésie | Japon | Russie | Timor oriental
63%
UTC +4:00 Arménie | Azerbaïdjan | Émirats arabes unis | France (La Réunion, Terres australes et antarctiques françaises) | Géorgie | Maurice | Oman | Russie | Seychelles
56%
UTC +8:00 Australie | Brunei | Chine (y compris Hong Kong et Macao) | Indonésie | Malaisie | Mongolie | Philippines | Russie | Singapour | Taïwan
56%
UTC +5:00 Australie (Île Christmas) | France (Terres australes et antarctiques françaises) | Kazakhstan | Maldives | Ouzbékistan | Pakistan | Russie | Tadjikistan | Turkménistan
56%
UTC +11:00 Australie (Île Norfolk) | France (Nouvelle-Calédonie) | États fédérés de Micronésie | Russie | Îles Salomon | Vanuatu
56%
UTC +6:00 Bangladesh | Bhoutan | Kazakhstan | Kirghizistan | Royaume-Uni (Territoire britannique de l'océan Indien) | Russie
56%
UTC +7:00 Cambodge | Indonésie | Laos | Mongolie | Russie | Thaïlande | Vietnam
56%
UTC −9:00 Etats-Unis (Alaska) | Polynésie française (Iles Gambier)
56%
UTC −10:00 Etats-Unis (Iles aléoutiennes, Archipel d'Hawaï) | Polynésie française (Archipel de la société, Iles Tuamotu, Iles Australes) | Nouvelle Zélande (Iles Cook, Tokelau)
56%
UTC +12:00 Fidji | États-Unis (Île Wake) | France (Wallis-et-Futuna) | Kiribati | Îles Marshall | Nauru | Nouvelle-Zélande | Russie | Tuvalu
56%
UTC +10:00 Australie | États-Unis (Guam, Îles Mariannes du Nord) | États fédérés de Micronésie | Papouasie-Nouvelle-Guinée | Russie
50%
UTC +5:30 Inde | Sri Lanka
50%
UTC +3:30 Iran
50%
UTC +13:00 Kiribati | Samoa | Tonga | Nouvelle-Zélande (Tokelau)
50%
UTC −2:00 Brésil | Royaume-Uni (Géorgie du Sud-et-les îles Sandwich du Sud)
44%
UTC −3:30 Canada
44%
UTC −9:30 Polynésie française (iles Marquises)
44%
UTC +4:30 Afghanistan
38%
UTC −12:00 Etats-Unis (Ile Baker, Ile Howland)
38%
UTC +14:00 Kiribati
38%
UTC +10:30 Australie
31%
UTC +6:30 Australie (Îles Cocos) | Birmanie
31%
UTC −11:00 Etats-Unis (Iles Midway, Iles Jarvis) | Nouvelle-Zélande (Niue)
31%
UTC +9:30 Australie
25%
UTC +5:45 Népal
25%
UTC +12:45 Nouvelle-Zélande
25%
UTC +8:45 Australie
13%
Aucun quiz correspondant
Distribution des résultats
% des personnes avec chaque résultat
Percentile par nombre de réponses
Votre historique - résultats
Vous n’avez pas pris ce quiz